Представление документа в формате RUSMARC

ПолеНазваниеЗначение
  Тип записи a
  Библиографический уровень a
001 Контрольный номер RU/CBS_Ul/BASE/532529827
005 Дата корректировки 20240209175207.5
100 Данные общей обработки __
a Данные общей обработки 20161115d2016 ||| 0rusy0189 ca
101 Язык документа 0_
a Язык текста rus
102 Страна публикации __
a Страна публикации RU
105 Кодированные данные (монография) __
a Кодированные данные (монография) y###||||000|y
200 Заглавие и сведения об ответственности 1_
a Заглавие Вначале был микрофон
b Общее обозначение материала Текст
e Сведения, относящиеся к заглавию [история изобретения граммофона]
f Первые сведения об ответственности Ю. Герасимова
300 Общие примечания __
a Общие примечания Ограничения по возрасту - 6+
461 Уровень набора _0
1 2000
a Эскиз
463 Уровень физической единицы _0
1 001RU/CBS_Ul/BASE/521230158
1 2000
a № 3
v С. 18-19 : цв. ил.
1 210
d 2016
600 Персоналии _0
a Персоналии (Фамилия) Берлинер
b Персоналии (Имя, инициалы) Э.
606 Тематические рубрики 0_
a Основная рубрика Аудиотехника
610 Ключевые слова 0_
a Ключевые слова аудиотехника
a Ключевые слова граммофоны
a Ключевые слова аудиозаписи
a Ключевые слова аппарат звукозаписывающий
a Ключевые слова пластинки
a Ключевые слова изобретения
686 Индексы других классификаций __
a Классификационный индекс 32.871-5
2 Код системы ББК
700 Автор _1
a Фамилия Герасимова
b Имя (инициалы) Ю.
801 Источник записи _0
a Страна RU
b Организация МБУК ЦБС г. Ульяновска
c Дата составления 20161115
g Правила каталогизации RCR
801 Источник записи _1
a Страна RU
b Организация МБУК ЦБС г. Ульяновска
c Дата составления 20161115
g Правила каталогизации RCR
901 Тип документа __
t Тип документа b
w Контрольный № источника RU/CBS_Ul/BASE/521230158
910 Корректоры записи __
a Корректор записи Библиотека 1
938 Служебная информация __
a Имя БД period